000 00773cam a2200265 4500
008 090401t1996 xxu||||| |||| 00| 0 eng d
020 _a186081087X
035 _a(Sirsi) u61406
041 _aeng
050 _a698.3
100 _aMiller, E.
245 _aProgress in European standardisation for exterior wood coatings.
260 _aGarston, Watford
_bBuilding Research Establishment
_c1996
300 _a7p. : ill. ; 30cm.
350 _a0
490 _aBRE Information Paper
_v5/96 s
650 _aEUROPEAN STANDARDS
650 _aEXTERIOR WOOD COATINGS
650 _aEXTERIOR WOODWORK
690 _aBUILT ENVIRONMENT-BUILDING MATERIALS
700 _aGraystone, J.A.
710 _aBuilding Research Establishment
942 _n0
948 _c04/03/1997
999 _c94310
_d94310